Normal view
MARC view
Entry Topical Term
001 - CONTROL NUMBER
- control field: 5336
003 - CONTROL NUMBER IDENTIFIER
- control field: OSt
005 - DATE AND TIME OF LATEST TRANSACTION
- control field: 20220507034228.0
008 - FIXED-LENGTH DATA ELEMENTS
- fixed length control field: 220507|| aca||aabn | a|a d
040 ## - CATALOGING SOURCE
- Original cataloging agency: OSt
- Transcribing agency: OSt
150 ## - HEADING--TOPICAL TERM
- Topical term or geographic name entry element: Book industries and trade
- Form subdivision: Dictionaries
670 ## - SOURCE DATA FOUND
- Source citation: Work cat.: (OSt)0: Prytherch, Raymond John. 5332, Harrod's librarians' glossary and reference book :, c2005.